| 000 | 00364nam a2200145 a 4500 | ||
|---|---|---|---|
| 001 | 1882 | ||
| 003 | CDMR | ||
| 005 | 20130801105320.0 | ||
| 008 | 130130s2001||||||||||||||||||||||||||||d | ||
| 040 |
_aCDMR _bcat _cCPC LLEIDA |
||
| 100 | 1 |
_aSáez Mateu, Ferran _9365 |
|
| 245 | 1 | 3 |
_aLa Lleida del s _bXX _cSÁEZ, Ferran |
| 260 |
_aLleida _c2001 _bLa Clamor |
||
| 942 |
_cMON _2udc |
||
| 999 |
_c1882 _d1882 |
||